Biblioteca

The Pastoral epistles (Registro nro. 46302)

Detalles MARC
000 -LÍDER
Campo fijo de descripción fija 01351cam a22003374i 4500
001 - NÚMERO DE CONTROL
Campo de control 19945
003 - IDENTIFICADOR DEL NÚMERO DE CONTROL
Campo de control CO-MdFUSB
005 - FECHA Y HORA DE LA ULTIMA TRANSACCIÓN
control field 20210706171615.0
007 - CAMPO FIJO DE DESCRIPCIÓN FIJA--INFORMACIÓN GENERAL
Campo fijo de descripción fija ta
008 - ELEMENTOS DE LONGITUD FIJA -- INFORMACIÓN GENERAL
Campo fijo de descripción fija -- Información general 180420s19361947enk||||g |||| 00| 0 eng d
040 ## - FUENTE DE CATALOGACIÓN
Agencia de catalogación original CO-MdFUSB
Idioma de catalogación spa
Agencia que realiza la transcripción CO-MdFUSB
Agencia que realiza la modificación CO-MdFUSB
Convenciones de la descripción rda
041 ## - CÓDIGO DE IDIOMA
Código de idioma para texto/pista de sonido o título separado eng
082 ## - NÚMERO DE CLASIFICACIÓN DECIMAL DEWEY
Número de la edición del Dewey 24
Número de clasificación G 227.8307
Clave de autor-Numero de item S425p
100 1# - ASIENTO PRINCIPAL--NOMBRE PERSONAL
Nombre personal Scott, E. F.
Término relacionador autor
245 04 - TÍTULO
Título del Material The Pastoral epistles
Mención de responsabilidad, etc. / E. F. Scott
264 #1 - PRODUCCIÓN, PUBLICACIÓN, DISTRIBUCIÓN, MANUFACTURA, Y COPYRIGHT
Lugar de producción, publicación, distribución, manufactura London :
Nombre del productor, publicador, distribuidor Hodder and Stoughton,
Fecha de producción, publicación, distribución, manufactura, o copyright ℗1947
300 ## - DESCRIPCIÓN FÍSICA
Extensión xxxviii, 186 páginas :
Dimensiones 23 cm
336 ## - TIPO DE CONTENIDO
Fuente rdacontent
Término de tipo de contenido texto
Código de tipo de contenido txt
337 ## - TIPO DE MEDIO
Fuente rdamedia
Nombre del tipo de medio sin mediación
Código del tipo de medio n
338 ## - TIPO DE SOPORTE
Fuente rdacarrier
Nombre del tipo de soporte volumen
Código Tipo de soporte nc
490 ## - MENCIÓN DE SERIE
Mención de serie The Moffatt New Testament Commentary
504 ## - NOTA DE BIBLIOGRAFÍA, ETC.
Nota de bibliografía, etc Incluye índice (páginas 184-186)
505 ## - NOTA DE CONTENIDO
Nota de contenido con formato preestablecido Nombre y carácter -- Configuración biográfica -- Autenticidad -- Fecha y relación mutua -- Propósito general -- Propósito eclesiástico -- Propósito doctrinal -- Propósito ético -- Valor histórico -- Valor permanente -- Comentario sobre la Primera Epístola de Pablo a Timoteo -- Comentario sobre la Segunda Epístola de Pablo a Timoteo -- Comentario sobre la Epístola de Pablo a Tito
563 ## - NOTA DE ENCUADERNACIÓN
Nota de encuadernación Pasta dura
630 07 - TITULO UNIFORME
Título uniforme Biblia.
Nombre de parte o sección de la obra Timoteo, 1ª
630 07 - TITULO UNIFORME
Título uniforme Biblia.
Nombre de parte o sección de la obra Timoteo, 2ª
630 07 - TITULO UNIFORME
Título uniforme Biblia.
Nombre de parte o sección de la obra Tito
942 ## - TIPO DE MATERIAL (KOHA)
Tipo de Item KOHA Libros General
945 ## - INFORMACIÓN LOCAL DEL REGISTRO
Catalogador YC-574
Existencias
Estado de Material Estado de Perdido Forma de Clasificación Estado de Dañado No para Préstamo Colección Tomo Biblioteca de Origen Biblioteca Permanente Fecha de Adquisición Total de Préstamos Signatura Topográfica Código de Barras Última vez visto Última vez Préstado Ejemplar/Existencia Fecha de Remplazo Tipo de Material
    Dewey Decimal Classification     Colección General   Biblioteca FUSBC Biblioteca FUSBC 28/05/2015 1 G 227.8307 S425p 20991 12/12/2019 11/05/2019 Ej. 1 26/01/2016 Libros General

Biblioteca FUSBC | Teléfono: (57+4) 349 88 10 Ext. 141| WhatsApp (+57) 3005338115 
E-mail: biblioteca@unisbc.edu.co | Calle 76 87-14 Robledo Palenque, Medellín, Colombia

Con tecnología Koha